| 000 | 00931nam a2200205 a 4500 | ||
|---|---|---|---|
| 001 | 31108 | ||
| 005 | 20180713234444.0 | ||
| 008 | 140415s2008 mx 000 0 spa d | ||
| 020 | _a9789682453908 | ||
| 041 | _aspa | ||
| 082 |
_a642.4 _bSUT |
||
| 100 | 1 | _aANFECA | |
| 245 | 1 | 0 | _aNORMAS Y PROCEDIMIENTOS DE AUDITORIA Y NORMAS PARA ATESTIGUAR |
| 250 | _aREIMP. 2008 | ||
| 260 |
_aMEXICO : _bANFECA, _c2008, 2009 |
||
| 300 |
_a207 _c11 x 4 x 17 |
||
| 520 | _aLA PRESENTE EDICION INCLUYE LOS SIGUIENTES BOLETINES NUEVOS: BOLETIN 7040, EXAMEN Y APLICACION DE PROCEDIMIENTOS COVENIOS SOBRE EL CUMPLIMIENTO DE DISPOSICIONES ESPECCIFICAS, BOLETIN 7070 INFORME DEL CONTADOR PUBLICO SOBRE EL RESULTADO DE LA APLICACION DE PROCEIMIENTOD, ASI MISMO APARECE EL SIGUIENTE BOLETIN ACTUALIZADO, BOLETIN 4040 OTRAS OPINIONES DEL AUTOR. | ||
| 650 | 1 | 4 | _aAUDITORIA |
| 700 | 1 |
_aCOMISION DE NORMAS Y PROC. DE ADUDITORIA _eprĂ³l. |
|
| 999 |
_c31108 _d31108 |
||